00416nam a2200169 a 45000010014000000030012000140050017000260080041000430200018000840820020001021000027001222450026001492600010001753000014001856500013001990400034002121772445719215YourLibrary20260302153326.0260302s1998##################000#0#eng## a978019511665604a323.420973bDEV1 aDevins, Neal,eauthor.10aRedefining Equality : c1998. a256 pages 0aHistory. aYourLibrarybengcYourLibrary